| 000 | 00994nam a22003017a 4500 | ||
|---|---|---|---|
| 001 | 0001646 | ||
| 003 | KOHA_MİRAKIL | ||
| 005 | 20260207001248.0 | ||
| 007 | ta | ||
| 008 | 090217b2000 tu |||gr||||#0|||1|tur | | ||
| 020 |
_a9754710090 _c29,465 |
||
| 040 |
_aTR-BiSEU _btur _cTR-BiSEU _erda |
||
| 041 | 0 | _atur | |
| 044 | _ctu | ||
| 050 |
_aPE1112 _b.B39 2000 |
||
| 100 | 1 | _aBayram, Ali. | |
| 240 | 1 | 0 |
_aİleri düzeyde öğrenciler için her yönüyle ingilizce dilbilgisi _lTürkçe |
| 245 | 1 |
_aEnglish grammar from all aspects = _bİleri düzeyde öğrenciler için her yönüyle ingilizce dilbilgisi/ _cAli Bayram ; Ali Bayram. |
|
| 264 | 1 |
_aİstanbul : _bFono Açıköğretim Kurumu Yayınları _c2000 |
|
| 300 | _avii, 452 sayfa | ||
| 336 |
_ametin _btxt _2rdacontent |
||
| 337 |
_aaracısız _bn _2rdamedia |
||
| 338 |
_acilt _bnc _2rdacarrier |
||
| 650 | 0 |
_aİngiliz Dili--Dilbilgisi. _95136 |
|
| 650 | 0 |
_aEnglish language--Grammar. _93478 |
|
| 907 | _aDil | ||
| 942 |
_2lcc _cBK |
||
| 999 |
_c1633 _d1633 |
||